000 00951nam a22003137a 4500
003 CHAP
005 20220817042331.0
008 971013s1977 r 00010 d
010 _a41219
011 _a42191
035 _a46319
040 _cCHAP
082 _a335.411
_bE5 1977
100 0 0 _aEngels, Friedrich.
_936962
245 _aAnti-Duhring
_b: la subersión de la ciencia por el señor Eugen Duhring
260 _aMéxico, D. F. :
_bGrijalbo,
_c1977
300 _a425 p.
490 _aOME
_v; 35
590 _aBATCH-UPD
_b10
_c20130110
_lUCH01
_h1003
590 _aBATCH-UPD
_b10
_c20130410
_lUCH01
_h0613
590 _aBATCH-UPD
_b10
_c20130914
_lUCH01
_h1314
590 _aCONVERSION
_b10
_c20130109
_lUCH01
_h1323
650 1 4 _aMaterialismo dialéctico.
650 1 4 _aSocialismo.
_9108040
830 0 _aOME
_v; 35
_983279
901 _aBK
942 _cLIBRO
949 _a335.411 E5 1977
_bBC
_cLIBRO
_d33724000357877
_eLIBRO
_h29553
_i46319
_si
999 _c41219
_d41219